Планета тварин.Книга необхідних знань (Запис № 17242)
[ простий вигляд ]
| 000 -Маркер запису | |
|---|---|
| Контрольне поле сталої довжини | 01257nam a22002657a 4500 |
| 003 - Належність контрольного номера | |
| Контрольне поле | Uzh_bibl |
| 008 - Кодовані дані | |
| Контрольне поле сталої довжини | 260401b |||||||| |||| 00| 0 ukr d |
| 020 ## - Індекс ISBN | |
| ISBN | 978-966-8826-68-9 |
| Ціна | 101.00 |
| 040 ## - Джерело каталогіз. | |
| Код мови каталог. | укр. |
| 041 ## - Код мови видання | |
| Код мови оригіналу | українська |
| Код мови тексту | українська |
| 080 ## - Індекс УДК | |
| Індекс УДК | 59 |
| 090 ## - Шифри | |
| Поличний індекс | 59 |
| Авторський знак | П 39 |
| 100 ## - Автор | |
| Автор | |
| 245 ## - Назва | |
| Назва | Планета тварин.Книга необхідних знань |
| Відповідальність | автор-укладачТ.С.Жабська ;іл.Бутенко Л.А. |
| Фізичний носій | Текст |
| 260 ## - Вихідні дані | |
| Місце видання | Харків |
| Видавництво | Промінь |
| Дата видання | 2012 |
| 300 ## - Фізичний опис | |
| Обсяг | 64 с. |
| Ілл./тип відтвор. | іл. |
| Тип одиниці | В опр. |
| 490 ## - Серія | |
| Назва серії | Серія"Ерудит" |
| 520 ## - Анотація | |
| Анотація | Книга корисна як дітям, так і дорослим. Дітям вона допоможе сформувати чітку структуру знань, яку можна буде протягом усього життя доповнювати новою інформацією. Дорослим - запропонує цікаві теми для роздумів. |
| 521 ## - Примітка про цільове призначення | |
| Примітка про цільове призначення | Для широкого кола читачів |
| 546 ## - Примітка про мову | |
| Примітка про мову | укр. |
| 650 ## - Тематичні рубрики | |
| Основна рубрика | Науково-популярне видання |
| 653 ## - Ключові слова | |
| Ключові слова | Птахи |
| -- | Риби |
| -- | Амфібії |
| 655 ## - Термін індексування — жанр/форма | |
| Жанр/форма | Довідник |
| 942 ## - ADDED ENTRY ELEMENTS (KOHA) | |
| Джерело класифікації чи схема поличного розташування | |
| Koha item type | Книги |
| Статус вилучення | Статус втрати/відсутності | Джерело класифікації чи схема поличного розташування | Статус пошкодження | Тип обігу (не для випозичання) | Постійне розташування | Поточне розташування | Розташування у відділі | Дата надходження | Джерело надходження (постачальник) | Інвентарний номер | Повний (примірниковий) шифр зберігання | Штрих-код | Date last seen | Дата, для якої чинна ціна заміни | Тип одиниці (рівень примірника) |
|---|---|---|---|---|---|---|---|---|---|---|---|---|---|---|---|
| Бібліотека-філія № 1 для дітей | Бібліотека-філія № 1 для дітей | Абонемент молодший відділ | 18/03/2026 | Подаровані | 80824 | 59 | 19287 | 01/04/2026 | 26/03/2026 | Книги |